| Поле | Название | Значение |
| |
Тип записи |
a |
| |
Библиографический уровень |
m |
| 001 |
Контрольный номер |
admiBOOK00020242 |
| 005 |
Дата корректировки |
20140508173756.8 |
| 010 |
Индекс ISBN |
__ |
| a |
ISBN |
978-5-4257-0107-7 |
| d |
Цена |
330,00 |
| 100 |
Данные общей обработки |
__ |
| a |
Данные общей обработки |
19011210 |||y0 y0189 ca |
| 101 |
Язык документа |
__ |
| a |
Язык текста |
rus |
| 105 |
Кодированные данные (монография) |
__ |
| a |
Кодированные данные (монография) |
zy |
| 200 |
Заглавие и сведения об ответственности |
0_ |
| a |
Заглавие |
Статистика |
| e |
Сведения, относящиеся к заглавию |
Учебное пособие |
| f |
Первые сведения об ответственности |
Е.В.Улитина, О.В.Леднева, О.Л.Жирнова; под ред. Е.В.Улитиной |
| 205 |
Сведения об издании |
__ |
| a |
Основные сведения об издании |
3-е изд., стереотипное |
| b |
Дополнительные сведения об издании |
Рек. Общ. советом сод. повыш.качетсва высш.обр. |
| 210 |
Выходные данные |
__ |
| a |
Место издания |
М |
| c |
Издательство |
Московский финансово-промышленный университет "Синергия" |
| d |
Дата издания |
2013 |
| 215 |
Физическое описание |
__ |
| a |
Объем |
320с. |
| 225 |
Серия |
__ |
| a |
Серия |
Университетская серия |
| 606 |
Тематические рубрики |
__ |
| a |
Основная рубрика |
Статистика |
| 610 |
Ключевые слова |
__ |
| a |
Ключевые слова |
Предмет статистики |
| a |
Ключевые слова |
Метод статистики |
| a |
Ключевые слова |
Статистическое наблюдение |
| a |
Ключевые слова |
Сводка статистических данных |
| a |
Ключевые слова |
Группировка статистических данных |
| a |
Ключевые слова |
Ряды распределения |
| a |
Ключевые слова |
Статистические величины |
| a |
Ключевые слова |
Абсолютная величина |
| a |
Ключевые слова |
Относительная величина |
| a |
Ключевые слова |
Ряды динамики |
| a |
Ключевые слова |
Индексы |
| a |
Ключевые слова |
Статистическое изучение взаимосвязей |
| a |
Ключевые слова |
Статистика в прикладных исследованиях |
| a |
Ключевые слова |
Статистика оборотного капитала |
| a |
Ключевые слова |
Показатели финансовых ресурсов |
| a |
Ключевые слова |
Платежный баланс |
| a |
Ключевые слова |
Статистический анализ условий социально-экономического развития общества |
| a |
Ключевые слова |
Показатели статистики продукции |
| a |
Ключевые слова |
Статистика занятости населения |
| a |
Ключевые слова |
Статистика внешнеэкономической деятельности |
| a |
Ключевые слова |
Статистическая оценка уровня жизни населения |
| a |
Ключевые слова |
Уровень жизни населения |
| a |
Ключевые слова |
Показатели доходов населения |
| 675 |
Индекс УДК |
__ |
| a |
Индекс УДК |
311(075.8) |
| 686 |
Индексы других классификаций |
__ |
| a |
Классификационный индекс |
60.6 |
| 852 |
Данные о местонахождении |
__ |
| c |
Местонахождение стеллажа |
60.6 |
| j |
Шифр хранения |
60.6 |
| 852 |
Данные о местонахождении |
__ |
| b |
Сигла хранения |
ЧЗ_1 |
| t |
Номер экземпляра |
1 |
| i |
Авторский знак |
С78 |
| p |
Инвентарный номер |
149551 |
| 901 |
Тип документа |
__ |
| t |
Тип документа |
m |
| 911 |
|
__ |
| u |
|
952a=Учебное пособие |
| u |
|
952p=2406 |
| 938 |
Служебная информация |
__ |
| a |
Название организации |
Саранский филиал |
| b |
Имя БД |
OUTPUT.MRC_Саранск |
| c |
Название АИБС |
АИБС Библиотека |